000 00309nam a22001337a 4500
008 170511b xxu||||| |||| 00| 0 eng d
020 _a9780321424105
041 _aeng
080 _25TH
_a34
100 _a15
101 _aSHJ
245 _aUNDERSTANDING SUPREME COURT OPINIONS
_cGEEL, T.R
942 _2udc
_cBK
999 _c13107
_d13107